00989nam a22002297a 4500999001700000003000900017008004100026040007100067082002300138245002400161260004500185300003300230440005300263505021200316650003200528650002300560650002100583700003600604942001200640945000800652952009900660  c22032d22032AR-CdUCM190425b           ||||| |||| 00| 0 spa d  aMUNICIPALIDAD PROVINCIAL DEL CUSCOcBIBLIOTECA MUNICIPAL DEL CUSCO  aRev.DIO/N°16/1937  aRevista diocesana /  aCusco :bTalleres Cusco Imperial,c1937.  a368-398 páginas. :c20 cm.  aRevista Diocesana.nAño II, N°16. 1937947205  aContenido: El proyecto de reforma del calendario lo que los católicos deben saber y preconizar sobre este problema. -- Resumen encíclica sobre el Santo Rosario. -- Crónica de la santa vista pastoral...  aDiócesis del Cusco946738  aCatolicismo 92175  aCatecismo924778  aRecharte, José Ángel946739  2ddccPP  arac  002ddc4070aHEMbHEMcCARTd2022-02-14g5.00oRev.DIO/N°16/1937pREVC000595r2022-02-14yPP